| 000 | 01884nam a22004697a 4500 | ||
|---|---|---|---|
| 003 | CHAP | ||
| 005 | 20250128122007.0 | ||
| 008 | 071115d1991 mx d r 00110 spa d | ||
| 010 | _a94210 | ||
| 011 | _a95182 | ||
| 035 | _a105793 | ||
| 040 | _cCHAP | ||
| 090 | _aFolleto 17321 | ||
| 100 | 1 | 0 |
_aVargas Hernández, Mateo _9118026 |
| 245 | 1 | 0 |
_aAplicaciones geoestadísticas a la ciencia del suelo variabilidad espacial : _baspectos practicos _c/por Mateo Vargas Hernández |
| 260 |
_aChapingo, Méx. : _bUACH. Departamento de Suelos. Área de Informática, _c1991. |
||
| 300 |
_a36 p. : _bgráfs. ; cuadros |
||
| 410 | 2 | 1 | _aUACH. Departamento de Suelos. Área de Informática |
| 490 | 0 | _aMonografías y manuales en estadística y computación aplicadas | |
| 590 |
_aBATCH-UPD _b10 _c20130109 _lUCH01 _h2357 |
||
| 590 |
_aBATCH-UPD _b10 _c20130110 _lUCH01 _h0727 |
||
| 590 |
_aBATCH-UPD _b10 _c20130110 _lUCH01 _h2349 |
||
| 590 |
_aBATCH-UPD _b10 _c20130409 _lUCH01 _h1931 |
||
| 590 |
_aBATCH-UPD _b10 _c20130410 _lUCH01 _h0411 |
||
| 590 |
_aBATCH-UPD _b10 _c20130914 _lUCH01 _h0345 |
||
| 590 |
_aBATCH-UPD _b10 _c20130914 _lUCH01 _h1949 |
||
| 590 |
_aCONVERSION _b10 _c20130109 _lUCH01 _h1352 |
||
| 650 | 1 | 4 |
_aAnálisis de regresión. _95974 |
| 650 | 1 | 4 |
_aAnálisis de varianza. _95977 |
| 650 | 1 | 4 |
_aAnálisis estadístico. _95984 |
| 650 | 1 | 4 |
_aEstadística _xInvestigación. _938251 |
| 650 | 1 | 4 | _aProcesamiento automático de datos en suelos. |
| 650 | 1 | 4 |
_aSuelos _xInvestigación. _9110405 |
| 650 | 1 | 4 |
_aSuelos _xMétodos estadísticos. _9110440 |
| 810 | 2 |
_aUACH. Departamento de Suelos. Área de Informática _9115894 |
|
| 830 | 0 |
_aMonografías y manuales en estadística y computación aplicadas _977591 |
|
| 901 | _aBK | ||
| 905 | _aMarco A. Mendoza T. | ||
| 911 | _aen proceso | ||
| 942 | _cFOLL | ||
| 949 |
_aFolleto 17321 _bBC _cUACH _d33724002042644 _eUACH _gDonaciØn _i105793 _sb |
||
| 999 |
_c94210 _d94210 |
||